Normal view
MARC view
- طرق التدريس-التربية-دراسات وتعلم
Entry Topical Term
001 - CONTROL NUMBER
- control field: 30937
003 - CONTROL NUMBER IDENTIFIER
- control field: JO-AjAnu
005 - DATE AND TIME OF LATEST TRANSACTION
- control field: 20230606075220.0
008 - FIXED-LENGTH DATA ELEMENTS
- fixed length control field: 230606|| aca||aabn | a|a d
040 ## - CATALOGING SOURCE
- Original cataloging agency: JO-AjAnu
- Transcribing agency: JO-AjAnu
150 ## - HEADING--TOPICAL TERM
- Topical term or geographic name entry element: طرق التدريس-التربية-دراسات وتعلم
670 ## - SOURCE DATA FOUND
- Source citation: Work cat.: (JO-AjAnu)15887: الخزاعلة،محمد سلمان فياض مؤلف/السخني،حسين عبد الرحمن م.مشارك/الشقصي،عبدالله بن جمعة م.مشارك/الشوبكي،عساف عبد ربه م.مشارك, author 30936, الإستراتيجيات التربوية ومهارات الإتصال التربوي